| 000 -LEADER |
| fixed length control field |
01300nam a2200217Ia 4500 |
| 001 - CONTROL NUMBER |
| control field |
15692 |
| 003 - CONTROL NUMBER IDENTIFIER |
| control field |
GE_BSU |
| 008 - FIXED-LENGTH DATA ELEMENTS--GENERAL INFORMATION |
| fixed length control field |
181216s||||||||xx |||||||||||||| ||und|| |
| 040 ## - CATALOGING SOURCE |
| Transcribing agency |
GE_BSU |
| 080 ## - UNIVERSAL DECIMAL CLASSIFICATION NUMBER |
| Universal Decimal Classification number |
821.353.1 + 821.133.1-31 |
| 100 ## - MAIN ENTRY--PERSONAL NAME |
| Personal name |
ჭავჭავაძე, ი. (ილია, 1837-1907) |
| 245 ## - TITLE STATEMENT |
| Title |
თხზულებათა სრული კრებული : 20 ტომად. ტ. 4 : მხატვრული თარგმანები |
| 245 ## - TITLE STATEMENT |
| Statement of responsibility, etc. |
რედ.: გიორგი ციციშვილი.ტომის რედ.ზ.ჭუმბურიძე. გ.შარაძე. ტექსტი გამოსაც. მოამზ. და შენიშვნ. დაურთო იზა დობორჯგინიძემ. ტომს იკონოგრაფ. მასალა დაურთო გ. შარაძემ ; მხატვ. გ. ლომიძე |
| 260 ## - PUBLICATION, DISTRIBUTION, ETC. |
| Place of publication, distribution, etc. |
თბილისი |
| 260 ## - PUBLICATION, DISTRIBUTION, ETC. |
| Date of publication, distribution, etc. |
1989 |
| 300 ## - PHYSICAL DESCRIPTION |
| Extent |
526 გვ. : 1 ფ. პორტრ.20 სმ |
| 653 ## - INDEX TERM--UNCONTROLLED |
| Uncontrolled term |
თხზულებათა სრული კრებული |
| 653 ## - INDEX TERM--UNCONTROLLED |
| Uncontrolled term |
იზა: რომანი ბუვიესი |
| 653 ## - INDEX TERM--UNCONTROLLED |
| Uncontrolled term |
მხატვრული თარგმანები |
| 942 ## - ADDED ENTRY ELEMENTS (KOHA) |
| Koha item type |
წიგნი |